[Event "HUN-chT2 Toth 1314"]
[Site "Hungary"]
[Date "2014.03.23"]
[Round "9.5"]
[White "Muller, Benjamin"]
[Black "Tenk, Zoltan"]
[Result "0-1"]
[WhiteElo "2016"]
[BlackElo "1991"]
[PlyCount "66"]
[EventDate "2013.09.08"]
[EventType "team-tourn"]
[EventRounds "11"]
[EventCountry "HUN"]
[SourceTitle "EXT 2016"]
[Source "ChessBase"]
[SourceDate "2015.10.08"]
[SourceVersion "1"]
[SourceVersionDate "2015.10.08"]
[SourceQuality "1"]
[WhiteTeam "Gyula"]
[BlackTeam "Szeged Maroczy II"]
[WhiteTeamCountry "HUN"]
[BlackTeamCountry "HUN"]

1. e4 c5 2. Nf3 d6 3. d4 cxd4 4. Nxd4 Nf6 5. Nc3 a6 6. Be2 e6 7. Be3 Qc7 8. Qd2 b5 9. a3 Bb7 10. Bf3 Nc6 11. Nxc6 Bxc6 12. Rd1 Be7 13. 0-0 0-0 14. Qd4 Nd7 15. g3 Rfd8 16. Bg2 Ne5 17. b3 Rac8 18. Na2 Qb7 19. Nb4 Bf6 20. Qb6 Qa8 21. Nxa6 Bxe4 22. Nc7 Rxc7 23. f3 Rb7 24. Qxd8+ Bxd8 25. fxe4 Bb6 26. Bxb6 Rxb6 27. h3 Qxa3 28. Kh2 Qb2 29. Rb1 Qc3 30. Rbd1 h5 31. Rf2 g5 32. Rdf1 Ra6 33. Rd1 h4 0-1

[Event "HUN-chT2 Erkel 1011"]
[Site "Hungary"]
[Date "2011.05.15"]
[Round "11.10"]
[White "Muller, Benjamin"]
[Black "Molnar, Emil"]
[Result "1-0"]
[WhiteElo "1984"]
[BlackElo "2107"]
[PlyCount "69"]
[EventDate "2010.09.12"]
[EventType "team-tourn"]
[EventRounds "11"]
[EventCountry "HUN"]
[SourceTitle "EXT 2012"]
[Source "ChessBase"]
[SourceDate "2011.11.24"]
[SourceVersion "1"]
[SourceVersionDate "2011.11.24"]
[SourceQuality "1"]
[WhiteTeam "Vaci"]
[BlackTeam "Barcza"]
[WhiteTeamCountry "HUN"]
[BlackTeamCountry "HUN"]

1. e4 c5 2. c4 Nc6 3. Nf3 d6 4. d4 cxd4 5. Nxd4 Nf6 6. Nc3 Qb6 7. Nb3 a6 8. Be2 g6 9. Be3 Qc7 10. Rc1 Qb8 11. Nd5 Nd7 12. c5 dxc5 13. Nxc5 Nxc5 14. Bxc5 Bg7 15. Bxe7 Bxb2 16. Rc2 Nxe7 17. Nc7+ Kf8 18. Qd8+ Kg7 19. Qxe7 Bf6 20. Ne8+ Rxe8 21. Qxe8 Be6 22. Qxb8 Rxb8 23. 0-0 b5 24. Rb1 Rd8 25. Rd1 Rb8 26. f4 a5 27. e5 Bd8 28. Rxd8 Rxd8 29. Bxb5 Rd4 30. g3 h5 31. Kf2 h4 32. a3 hxg3+ 33. hxg3 Bb3 34. Rc7 Rd2+ 35. Kf1 1-0

[Event "HUN-chT2 Erkel 1011"]
[Site "Hungary"]
[Date "2011.04.17"]
[Round "9.10"]
[White "Muller, Benjamin"]
[Black "Babucs, Illes"]
[Result "1-0"]
[WhiteElo "1984"]
[BlackElo "1828"]
[PlyCount "81"]
[EventDate "2010.09.12"]
[EventType "team-tourn"]
[EventRounds "11"]
[EventCountry "HUN"]
[SourceTitle "EXT 2012"]
[Source "ChessBase"]
[SourceDate "2011.11.24"]
[SourceVersion "1"]
[SourceVersionDate "2011.11.24"]
[SourceQuality "1"]
[WhiteTeam "Vaci"]
[BlackTeam "Jaszbereny"]
[WhiteTeamCountry "HUN"]
[BlackTeamCountry "HUN"]

1. e4 e6 2. Nf3 d5 3. exd5 exd5 4. d4 Bd6 5. Bd3 Ne7 6. Bg5 f6 7. Bh4 Nbc6 8. c3 Bg4 9. Nbd2 Qd7 10. Qc2 Bf5 11. Bg3 Bxg3 12. hxg3 Bxd3 13. Qxd3 Qe6+ 14. Kd1 Qf5 15. Kc2 Kd7 16. Rh4 Qxd3+ 17. Kxd3 Ng6 18. Rh5 Nce7 19. Rah1 h6 20. Nh4 c6 21. b4 a6 22. Nb3 b6 23. Nxg6 Nxg6 24. a4 Rhe8 25. a5 b5 26. Nc5+ Kd6 27. f4 Nf8 28. Rf1 Nd7 29. g4 Re7 30. g5 hxg5 31. fxg5 fxg5 32. Rxg5 Nxc5+ 33. dxc5+ Kd7 34. Rf3 Ra7 35. Rf8 Rc7 36. Rg6 Ra7 37. Rg8 Rb7 38. R8xg7 Rxg7 39. Rxg7+ Kc8 40. Rxb7 Kxb7 41. Kd4 1-0